| 000 | 00000nam##2200000za#4500 |
| 001 | 9.648375 |
| 003 | CaOODSP |
| 005 | 20200330071950 |
| 007 | ta |
| 008 | 150407|2001||||xxc||||| f|0| 0 eng|d |
| 020 | |a0-662-31235-X |
| 040 | |aCaOODSP|beng |
| 043 | |an-cn--- |
| 086 | 1 |aJS79-1/2001E |
| 110 | 1 |aCanada.|bCommission for Public Complaints Against the RCMP. |
| 245 | 10|aCommission interim report : |bfollowing a public hearing into the complaints regarding the events that took place in connection with demonstrations during the Asia Pacific Economic Cooperation Conference in Vancouver, B.C. in November 1997 at the UBC Campus and at the UBC and Richmond detachments of the RCMP |
| 260 | |aOttawa - Ontario : |bCommission for Public Complaints Against the RCMP |c2001. |
| 300 | |axii, 453p. (Appendix I--VII in various pagings.) ; |c28 cm. |
| 500 | |aRCMP Act, Part VII, Subsection 45.45(14). Appendix: I, Parts VI and VII of the RCMP Act.--II, Witness appearance list.--III, 52 complaints filed with the Commission.--IV, RCMP planning structure for APEC.--V, Map of UBC Campus showing security perimeter.--VI, Sections 1-12 of the Canadian Charter of Rights and Freedoms.--VII, Relevant sections of the Criminal Code. Commissioner: Ted Hughes, Q.C. |
| 563 | |aRing binding |
| 590 | |a01-43|b2001-10-26 |
| 690 | 07|aPolice services|2gcpds |
| 690 | 07|aExternal relations|2gcpds |
| 720 | 1 |aHughes, Ted |
| 775 | 08|tRapport intérimaire de la Commission : |w(CaOODSP)9.681813 |
| 986 | |aFile No.: PC6910-199801 |